| 000 | 00967nam a220026501 4500 | ||
|---|---|---|---|
| 999 |
_c4442 _d4442 |
||
| 003 | ALUPE UNIVERSITY | ||
| 005 | 20220323103533.0 | ||
| 008 | 910314s1990 gw a b 101 eng o | ||
| 020 | _a3798507589 (Steinkopff) | ||
| 020 | _a0387913327 (SpringerVerlag) | ||
| 040 | _cALUPE UNIVERSITY | ||
| 046 |
_aMYG _cMYG |
||
| 050 |
_aQP105.2 _b.B56 1990 |
||
| 090 | 0 | _aQP105.2 .B563 1990 | |
| 245 | 0 | 0 |
_aBlood pressure measurements : _bnew techniques in automatic and 24-hour indirect monitoring / _cW. Meyer-Sabellek ... [et al.], eds. |
| 260 |
_aDarmstadt : _bSteinkopff Verlag ; _aNew York : _bSpringer-Verlag, _cc1990. |
||
| 300 |
_axii, 336 p. : _bill. ; _c25 cm. |
||
| 500 | _aBased on two international meetings and invited papers. | ||
| 504 | _aIncludes bibliographical references and index. | ||
| 650 | 0 |
_aBlood pressure _xMeasurement _vCongresses. |
|
| 700 | 1 |
_aMeyer-Sabellek, W. _q(Wolfgang) |
|
| 907 | _a.b16907243 | ||
| 942 |
_2lcc _cBK |
||